| 000 | 00410nam a2200157 a 4500 | ||
|---|---|---|---|
| 005 | 20140310183321.0 | ||
| 008 | 060308s19uu xx 00 eng d | ||
| 020 | _a0553295071 | ||
| 050 |
_aPS 3523.E7993 _b.L665 1992 |
||
| 100 | _aLevin, Ira | ||
| 245 |
_aSliver : _ba novel / _cIra Levin. |
||
| 260 |
_aNew York : _bBantam Books, _c1992. |
||
| 300 |
_a261 p. : _c17 cm. |
||
| 942 |
_cBK _2lcc |
||
| 999 |
_c21406 _d21406 |
||